Fisherova rovnica vo finančnej matematike a jej využitie v praxi bakalárska práca

Salvato in:
Dettagli Bibliografici
Autore principale: Brinziková, Katarína
Ente Autore: Fakulta hospodárskej informatiky EU. Katedra matematiky
Altri autori: Fecenko, Jozef
Natura: Libro
Lingua:slovacco
Pubblicazione: Bratislava 2012
Tags: Aggiungi Tag
Nessun Tag, puoi essere il primo ad aggiungerne!!

MARC

LEADER 00000nbm a2200000 4500
001 0156213
005 20161109111945.6
041 0 |a slo 
044 |a SK 
245 1 0 |a Fisherova rovnica vo finančnej matematike a jej využitie v praxi  |b bakalárska práca  |c Katarína Brinziková ; školiteľ: Jozef Fecenko 
264 1 |a Bratislava  |c 2012 
300 |a 52 s. 
100 1 |a Brinziková, Katarína 
700 1 |a Fecenko, Jozef 
710 2 |a Fakulta hospodárskej informatiky EU. Katedra matematiky